Mucuna bracteata: Ideal cover crop for efficient soil and water management in rubber cultivation (Record no. 63323)

MARC details
000 -LEADER
fixed length control field 00597nam a2200205Ia 4500
100 ## - MAIN ENTRY--AUTHOR NAME
Personal name Samarappuli L
245 #0 - TITLE STATEMENT
Title Mucuna bracteata: Ideal cover crop for efficient soil and water management in rubber cultivation
260 ## - PUBLICATION, DISTRIBUTION, ETC. (IMPRINT)
Name of publisher Tropical Agricultural Research and Extension
Year of publication 2003
300 ## - PHYSICAL DESCRIPTION
Number of Pages 85-90
500 ## - GENERAL NOTE
General note Source Year: 2006
650 ## - SUBJECT ADDED ENTRY--TOPICAL TERM
Topical Term Cover crop
650 ## - SUBJECT ADDED ENTRY--TOPICAL TERM
Topical Term Mucuna bracteata
650 ## - SUBJECT ADDED ENTRY--TOPICAL TERM
Topical Term Soil water management
700 ## - ADDED ENTRY--PERSONAL NAME
Personal name Karunadasa P
700 ## - ADDED ENTRY--PERSONAL NAME
Personal name Mitrasena U
700 ## - ADDED ENTRY--PERSONAL NAME
Personal name Shantha N
856 ## - ELECTRONIC LOCATION AND ACCESS
Uniform Resource Identifier CAB CD
942 ## - ADDED ENTRY ELEMENTS (KOHA)
Koha item type Journals
Holdings
Withdrawn status Lost status Damaged status Not for loan Home library Current library Shelving location Date acquired Serial Enumeration / chronology Koha item type
      Journals RRII Library RRII Library Agronomy 29/06/2006 Volume 6, Issue Journals